LEADER 00985nam0-22003131i-450- 001 990008129310403321 005 20121127124225.0 010 $a88-464-5105-8 035 $a000812931 035 $aFED01000812931 035 $a(Aleph)000812931FED01 035 $a000812931 100 $a20050614d2003----km-y0itay50------ba 101 0 $aita 102 $aIT 200 1 $aPer la qualita del dato nella ricerca sociale$estrategie di progettazione e conduzione dell'intervista con questionario$fSergio Mauceri$gprefazione di Enzo Campelli 210 $aMilano$cFrancoAngeli$d2003 215 $a280 p.$d23 cm 225 1 $a<>riccio e la volpe$v3 610 0 $aIntervista 676 $a300.723$v21$zita 700 1$aMauceri,$bSergio$0480558 801 0$aIT$bUNINA$gRICA$2UNIMARC 901 $aBK 912 $a990008129310403321 952 $aCollez. 2321 (3)$b41387$fFSPBC 959 $aFSPBC 996 $aPer la qualità del dato nella ricerca sociale$9252967 997 $aUNINA LEADER 01237nam--2200349---450- 001 990005907190203316 005 20131112153609.0 035 $a000590719 035 $aUSA01000590719 035 $a(ALEPH)000590719USA01 035 $a000590719 100 $a20131112d2011----km-y0itay50------ba 101 $aita 102 $aIT 105 $a||||||||001yy 200 1 $aMessaggio agli italiani e interventi di fine anno del Presidente della Repubblica Giorgio Napolitano$edicembre 2010 210 $aRoma$cUfficio per la Stampa e l'Informazione della Presidenza della Repubblica$d2011 215 $a50 p.$d12 cm 300 $aIn testa al frontespizio: Presidenza della Repubblica italiana 606 0 $2BNCF 676 $a342.45 700 01$aNapolitano,$bGiorgio <1925- >$0120314 712 01$aItalia : Presidenza della Repubblica 801 0$aIT$bsalbc$gISBD 912 $a990005907190203316 951 $aXXXI.MISC. 149$b78201 G.$cXXIV.2.A.$d00344423 959 $aBK 969 $aGIU 979 $aCHIARA$b90$c20131112$lUSA01$h1535 979 $aCHIARA$b90$c20131112$lUSA01$h1536 996 $aMessaggio agli italiani e interventi di fine anno del Presidente della Repubblica Giorgio Napolitano$91073289 997 $aUNISA